[Event "Arco op 36th"]
[Site "Arco"]
[Date "2014.10.09"]
[Round "6"]
[White "Zenatto, Giuliano"]
[Black "Rocchetti, Marco"]
[Result "0-1"]
[WhiteElo "1732"]
[BlackElo "1854"]
[PlyCount "112"]
[EventDate "2014.10.04"]
[EventType "swiss"]
[EventRounds "9"]
[EventCountry "ITA"]
[SourceTitle "EXT 2016"]
[Source "ChessBase"]
[SourceDate "2015.10.08"]
[SourceVersion "1"]
[SourceVersionDate "2015.10.08"]
[SourceQuality "1"]

1. d4 Nf6 2. c4 d6 3. Nc3 Nbd7 4. a3 e5 5. dxe5 dxe5 6. e3 c6 7. b4 Be7 8. Bd3 Qc7 9. Nge2 0-0 10. 0-0 Rd8 11. Qc2 Nf8 12. Bb2 Ng4 13. Ng3 Ng6 14. Rad1 Bh4 15. Qc1 Bg5 16. Nce4 Be7 17. h3 Nf6 18. Rd2 Nxe4 19. Bxe4 Rxd2 20. Qxd2 Be6 21. c5 Rd8 22. Qc2 Nf8 23. Rd1 g6 24. Rxd8 Bxd8 25. Qd3 Be7 26. Nf1 f5 27. Nd2 fxe4 28. Qxe4 Nd7 29. Qd3 Bd5 30. e4 Be6 31. Nc4 Bxc4 32. Qxc4+ Kg7 33. Qe6 Bf6 34. g4 h6 35. Bc1 Qd8 36. Kg2 Qe7 37. Qc4 Bh4 38. Bb2 Qf7 39. Qe2 Bg5 40. f3 Qf4 41. Qf2 Qd2 42. Qxd2 Bxd2 43. Kf2 Bf4 44. h4 Kf6 45. Bc3 b6 46. cxb6 Nxb6 47. Ke2 Ke6 48. Kd3 Kd6 49. Be1 h5 50. Bf2 Kc7 51. Kc3 a6 52. Kd3 Bc1 53. Bxb6+ Kxb6 54. a4 a5 55. bxa5+ Kxa5 56. Kc4 Be3 0-1

[Event "Arco op 36th"]
[Site "Arco"]
[Date "2014.10.08"]
[Round "5"]
[White "Thonig, Manfred"]
[Black "Zenatto, Giuliano"]
[Result "0-1"]
[WhiteElo "1589"]
[BlackElo "1732"]
[PlyCount "214"]
[EventDate "2014.10.04"]
[EventType "swiss"]
[EventRounds "9"]
[EventCountry "ITA"]
[SourceTitle "EXT 2016"]
[Source "ChessBase"]
[SourceDate "2015.10.08"]
[SourceVersion "1"]
[SourceVersionDate "2015.10.08"]
[SourceQuality "1"]

1. f4 d5 2. Nf3 e6 3. e3 Nf6 4. Bb5+ Nbd7 5. Ne5 c6 6. Be2 Bd6 7. d4 0-0 8. 0-0 c5 9. c3 b6 10. Nd2 Bb7 11. Ndf3 h6 12. Bd2 Ne4 13. Nxd7 Qxd7 14. Ne5 Qc7 15. Be1 Be7 16. Rf3 Qd8 17. Rh3 Kh7 18. Bb5 a6 19. Ba4 b5 20. Bc2 f6 21. Ng4 Bc8 22. Qf3 cxd4 23. exd4 Bb7 24. Bd2 f5 25. Nxh6 gxh6 26. Qh5 Rf6 27. Bxe4 dxe4 28. Re1 Rg6 29. Ree3 Qg8 30. Reg3 Qg7 31. Be3 Bf6 32. Qe2 Bd5 33. Rxg6 Qxg6 34. Rg3 Qf7 35. b3 Rg8 36. Rh3 Rg4 37. c4 bxc4 38. bxc4 Bc6 39. Qf2 Qb7 40. Qc2 Qb4 41. Kf2 Bh4+ 42. g3 Be7 43. Qb3 Rg8 44. Qxb4 Bxb4 45. g4 Rxg4 46. Rg3 Rxg3 47. hxg3 h5 48. Ke2 Ba4 49. Bc1 Kg7 50. a3 Be7 51. Ke3 Kf8 52. Bb2 Bf6 53. Bc3 Ke8 54. Kd2 Kd7 55. Ke3 Kc6 56. d5+ exd5 57. Bxf6 dxc4 58. Bc3 Bb3 59. Kd4 Kd6 60. Bb4+ Ke6 61. Bc3 Ba2 62. Bd2 Kd7 63. Bb4 Ke6 64. Bd2 Bb3 65. Bb4 Bc2 66. Bc3 Bd3 67. a4 Bc2 68. a5 Bd3 69. Bb4 Bf1 70. Bc3 Bd3 71. Bb4 Kd7 72. Bc3 Kc6 73. Bb4 Kb5 74. Bd2 Ka4 75. Bc3 Kb3 76. Be1 Kc2 77. Bb4 Kd1 78. Ke3 Bc2 79. Bc3 Kc1 80. Kd4 Bd3 81. Be1 Kd1 82. Bc3 Ke2 83. Ke5 e3 84. Kf6 Kf3 85. Be1 Kg4 86. Kg6 c3 87. Bxc3 Kxg3 88. Kg5 h4 89. Be1+ Kh3 90. Bxh4 e2 91. Be1 Kg2 92. Kh4 Kf1 93. Bg3 e1Q 94. Bxe1 Kxe1 95. Kg3 Ke2 96. Kg2 Be4+ 97. Kg3 Kd3 98. Kf2 Kc4 99. Ke2 Kb4 100. Kd2 Kxa5 101. Kc3 Kb5 102. Kb2 a5 103. Ka1 a4 104. Kb2 Kb4 105. Ka1 Bc6 106. Kb2 Kc4 107. Kc2 Kd4 0-1

[Event "Arco op 36th"]
[Site "Arco"]
[Date "2014.10.06"]
[Round "3"]
[White "Ottaviani, Gianluca"]
[Black "Zenatto, Giuliano"]
[Result "1-0"]
[WhiteElo "1982"]
[BlackElo "1732"]
[PlyCount "45"]
[EventDate "2014.10.04"]
[EventType "swiss"]
[EventRounds "9"]
[EventCountry "ITA"]
[SourceTitle "EXT 2016"]
[Source "ChessBase"]
[SourceDate "2015.10.08"]
[SourceVersion "1"]
[SourceVersionDate "2015.10.08"]
[SourceQuality "1"]

1. e4 c5 2. Nf3 d6 3. d4 cxd4 4. Nxd4 Nf6 5. Nc3 a6 6. Bc4 e6 7. Bb3 b5 8. 0-0 Bb7 9. Re1 b4 10. Nd5 Nxd5 11. exd5 e5 12. Ba4+ Nd7 13. Nc6 Qc7 14. Nxb4 h6 15. Nc6 Nc5 16. Nxe5+ Nxa4 17. Nc6+ Be7 18. Rxe7+ Qxe7 19. Nxe7 Kxe7 20. c4 Nc5 21. b4 Nd7 22. Bb2 f6 23. Qg4 1-0

[Event "Assisi op-A 5th"]
[Site "Assisi"]
[Date "2010.12.18"]
[Round "2"]
[White "Zenatto, Giuliano"]
[Black "Pastore, Cosmas"]
[Result "0-1"]
[WhiteElo "1775"]
[BlackElo "1841"]
[PlyCount "146"]
[EventDate "2010.12.17"]
[EventType "swiss"]
[EventRounds "7"]
[EventCountry "ITA"]
[SourceTitle "EXT 2024"]
[Source "ChessBase"]
[SourceDate "2023.10.10"]
[SourceVersion "1"]
[SourceVersionDate "2023.10.10"]
[SourceQuality "1"]

1. d4 d5 2. c4 c6 3. Nf3 Nf6 4. e3 e6 5. Bd3 dxc4 6. Bxc4 b5 7. Bd3 Bb7 8. 0-0 a6 9. a3 c5 10. dxc5 Bxc5 11. b4 Be7 12. Qe2 0-0 13. Rd1 Nfd7 14. Bb2 Bf6 15. Bxf6 Qxf6 16. Nbd2 Ne5 17. Nxe5 Qxe5 18. Nf3 Qf6 19. Rac1 Bxf3 20. Qxf3 Qxf3 21. gxf3 Ra7 22. Be2 Nd7 23. Rc6 Nf6 24. e4 Rfa8 25. Rdc1 h6 26. Bd3 g6 27. e5 Nd5 28. Be4 Rd8 29. Rc8 Rxc8 30. Rxc8+ Kg7 31. Bxd5 exd5 32. Rd8 Rc7 33. Rd6 Rc3 34. Rxa6 Rxf3 35. Rd6 Rd3 36. Kf1 Kf8 37. Ke2 Rd4 38. f3 Rh4 39. Rxd5 Rxh2+ 40. Ke3 Ra2 41. Rxb5 Rxa3+ 42. Kf4 Rb3 43. Rb7 h5 44. b5 Rb4+ 45. Kg3 g5 46. b6 Rb5 47. Rb8+ Kg7 48. b7 Rb3 49. Kg2 h4 50. Kh3 Rxf3+ 51. Kg4 Rb3 52. Kxg5 h3 53. Ra8 Rxb7 54. Ra1 Rb8 55. Rh1 Rh8 56. Rh2 Rh7 57. Kg4 Kg6 58. Kf4 Rh4+ 59. Kf3 Rh7 60. Kf4 Rh8 61. Kg4 Rh5 62. Kf4 Rh4+ 63. Kf3 Kf5 64. Kg3 Rh7 65. Rxh3 Rxh3+ 66. Kxh3 Kxe5 67. Kg3 Ke4 68. Kf2 Kf4 69. Ke2 Kg3 70. Ke3 f5 71. Ke2 f4 72. Kf1 Kf3 73. Ke1 Kg2 0-1

[Event "Arco op 30th"]
[Site "Arco"]
[Date "2008.10.22"]
[Round "5"]
[White "Orlandi, Stefano"]
[Black "Zenatto, Giuliano"]
[Result "1-0"]
[WhiteElo "1965"]
[BlackElo "1762"]
[PlyCount "42"]
[EventDate "2008.10.18"]
[EventType "swiss"]
[EventRounds "9"]
[EventCountry "ITA"]
[SourceTitle "CBM 127 Extra"]
[Source "ChessBase"]
[SourceDate "2009.01.08"]
[SourceVersion "2"]
[SourceVersionDate "2009.01.28"]
[SourceQuality "1"]

1. e4 c5 2. Nf3 d6 3. d4 cxd4 4. Nxd4 Nf6 5. Nc3 a6 6. Be2 g6 7. g4 h6 8. Be3 Bg7 9. f3 Nc6 10. Qd2 Qc7 11. 0-0-0 Ne5 12. h4 Nfd7 13. h5 g5 14. Nf5 Bf6 15. Nd5 Qc6 16. Kb1 b5 17. Nd4 Qb7 18. Qa5 0-0 19. Nf5 Kh7 20. Ndxe7 Rb8 21. Nxd6 Qc6 1-0